01190nam a2200313 a 4500001001200000003000800012006001900020007001500039008004100054010001700095020001500112040002100127035002100148050002600169082001400195100001700209245008800226260005100314300002400365504006400389533015200453650001400605650002900619650003900648655002900687710001700716856012600733999001700859ebr10256827CaPaEBRm u cr cn|||||||||040331s2004 caua sb 001 0 eng  z 2004104864 z0761944915 aCaPaEBRcCaPaEBR a(OCoLC)64677064214aLB1025.3b.R63 2004eb04a371.12221 aRoffey, Sue.14aThe new teacher's survival guide to behaviourh[electronic resource] /cSue Roffey. aThousand Oaks, CA :bSAGE Publications,c2004. axiv, p. 151 :bill. aIncludes bibliographical references (p. 139-148) and index. aElectronic reproduction.bPalo Alto, Calif. :cebrary,d2013.nAvailable via World Wide Web.nAccess may be limited to ebrary affiliated libraries. 0aTeaching. 0aLearning, Psychology of. 0aInteraction analysis in education. 7aElectronic books.2local2 aebrary, Inc.40uhttp://site.ebrary.com/lib/rucke/Doc?id=10256827zAn electronic book accessible through the World Wide Web; click to view c13407d13407